5 in 15: Harry Potter Characters III Quiz Stats

 Plays Quiz Updated Nov 29, 2019

Score 0/5 Timer 00:15
78 Plays Today
% Correct
Correct House-Elf.
96.6%
Correct Captain.
79.5%
Correct Cho Chang Date.
75%
Correct Yule Ball Attendee.
50.3%
Correct Ravenclaw.
46.1%

You're not logged in!

Compare scores with friends on all Sporcle quizzes.
OR
Log In

Sporcle TV

Today on Sporcle TV


Watch our educational content, quiz creation guides, and fun videos on Sporcle TV.

Show Comments

Extras

Top Quizzes Today


Score Distribution

Your Account Isn't Verified!

In order to create a playlist on Sporcle, you need to verify the email address you used during registration. Go to your Sporcle Settings to finish the process.

Report this User

Report this user for behavior that violates our Community Guidelines.

Details: